00917nam a2200265 i 4500001000700000003000900007005001700016007000300033008004100036080001000077080001500087100003100102245011600133250001500249260003400264300003600298490001800334650003100352650003200383700003700415830002600452852003200478999001900510952012200529147578ES-MaACL20230906202115.0t|071003s1969 sp ||||1| spa d a517.3 a512.94/.991 aUrwin, Kathleen M.911227910aCálculo superior y teoría del vector-campo / cKathleen M. Urwin ; versión... de Elena Martín Peinador. a[1ª ed.]. aMadrid : bAlhambra, c[1969] aVIII, 292 p. : bil. ; c20 cm.1 aExedra ; v4014aCálculo integral.91067214aCálculo vectorial.9106771 aMartín Peinador, Elena.9775990 aExedra ; v409177436 aES-MaACLjC-35997 bR.69028 c147578d147578 00104070aATENEOMbATENEOMcDEPO2d2008-01-17eSCl0oC-35997p1154013r2023-02-23 00:00:00w2023-02-23yMONOGRAFIA